Quizzes
Events
Quiz Creation
Community
Videos
Private Events
Remove Ads
Sign In
Join for FREE
Feedback
Dark Mode
Quiz Categories
Sports
Geography
Music
Movies
Television
Just For Fun
Miscellaneous
History
Literature
Language
Science
Gaming
Entertainment
Religion
Holiday
For Kids
Quiz Lab
Recent
Popular Today
Quiz Kudos Today
Editor Picks
Curator Picks
Quizzes by...
Day
Popularity
Type
Ratings
Length
Year
Community
Subscriptions
Recent Discussions
Orange Saloon
Badges
Playlists
Quests
Create
Leaderboards
Showdown
Live 5
Trivia Bingo
Activity
Puzzle Library
Sporcle Events
Private Events
Virtual Trivia
Globe League
Become a Host
Pub Owners
SporcleCon
Opinionation
Our Games
Videos
Blog
Mobile Apps
Partnerships
Remove Ads and Go Orange
Feedback
Just For Fun
Clickable
Get the Picture
Humor
Quick Pick
Word Ladder
Missing Word
Mixed Word
Blitz
Minefield
This or That
Alphabet
Color
Typing
Sporcle
Puzzle
Word Play
Follow That Line
Logic
Just For Fun
Clickable
Get the Picture
Humor
Quick Pick
Word Ladder
Missing Word
Mixed Word
Blitz
Minefield
This or That
Alphabet
Color
Typing
Sporcle
Puzzle
Word Play
Follow That Line
Logic
Random Quiz
Search Sporcle
×
Quiz Lab
Quiz Lab
Just For Fun
Letter
Type in answers that appear in a list
Type in answers that appear in a list
Classic
Best Score? Go Orange.
Insects A-Z by Species Stats
Can you name the Insects A-Z by Species?
By
Big_Ben
6m
26 Questions
305 Plays
305 Plays
305 Plays
Comments
Comments
Give Quiz Kudos
Give Quiz Kudos
-
- Ratings
hide this ad
More Info
Forced Order
Answers have to be entered in order
Answers have to be entered in order
Replay
Link that replays current quiz
Next Quiz
Link to next quiz in quiz playlist
You Got
0%
They Got
Avg Score
25%
Avg Friend Score
Upgrade to see
Score Distribution
Jump to the score distribution portion of the page
Score
0/26
Timer
06:00
0
Plays Today
Letter
Type
% Correct
A
Ant
98%
B
Bee
93.1%
C
Cockroach
59%
D
Dragonfly
56.7%
F
Flea
54.4%
G
Grasshopper
44.6%
W
Wasp
44.3%
E
Earwig
40.7%
T
Termite
36.7%
L
Louse
34.8%
M
Mantis
21.6%
K
Katydid
21%
Y
Yellow Jacket
20.3%
Letter
Type
% Correct
J
June Bug
11.5%
H
Horse Fly
7.9%
I
Ichneumon
4.9%
S
Stick insect
3.6%
R
Rove Beetle
1.3%
N
Nitidulid Beetle
1%
X
Xerces butterfly
1%
O
Oecanthus
0.7%
P
Pond Skater
0.3%
Q
Queen Butterfly
0.3%
U
Unilorean
0.3%
V
Velvet Mite
0.3%
Z
Zebra Swallowtail Butterfly
0.3%
Quiz Playlist
Details
Report
Send in Message
Add To Playlist
More Info:
The one for V is an arachnid.
Classic:
Type in answers that appear in a list
Forced Order:
Answers have to be entered in order
Last Updated: Feb 16, 2017
Quiz Scoreboard
CHALLENGE
Sign Up to Join the Scoreboard
Show All
Scores
Hide
Comments
May contain spoilers
Recently Published
Alphabetical 'K' Countries by Flag Minefield
by ylime102
Geography
3m
Pick 6: Fruits
by JohnFran
Miscellaneous
15s
Click the 1999 NBA Draft
by nibperrychub
Sports
2m
More to Explore
Quiz From the Vault
Featured Blog Post
15 Basketball Trivia Facts You Can Be March Mad About
hide this ad
You Might Also Like...
Tags
Letter Quiz
A-Z
insect
Today's Top Quizzes in Just For Fun
Browse Just For Fun
hide this ad
Today's Top Quizzes in Letter
Browse Letter
Top Contributed Quizzes in Just For Fun
1
Pick 6: Letters
2
Seasons
3
Pick 6: Foods
4
Pick 6: Colors
5
Quick Pick: Spring Things
6
Just Another 1-25 Logic Puzzle
7
Four Seasons
8
Disney/Pixar Logic Puzzle
9
Reverse Eye-Numbing Numbers
10
LogiCrossword: Seasons of Year
Explore More
Trending Topics
Crossword
Disney
NBA
Marvel
Anime
Kpop
Harry Potter
The Office
Pokémon
Puzzle
Song
NFL
WWE
Soccer
Country
hide this ad
More By:
Big_Ben
Quiz
Plays
Rating
Category
Featured
Created
Thomas the Tank Engine Names
1,164
2.75
Television
Mar 30, 2010
Insects A-Z by Species
305
2.33
Just For Fun
Apr 1, 2010
Go to Creator's Profile
Score Distribution
Quiz Creator Spotlight
Big_Ben
Follow
Send a Message
Quizzes Created
-
Created Quiz Play Count
-
More By This Creator
Popular Quizzes Today
1
Find the US States - No Outlines Minefield
2
Countries of Asia Without Outlines Minefield
3
Pick 6: Fruits
4
The Countries of the World
5
Alphabetical 'K' Countries by Flag Minefield
6
Find the US States
7
Click the 1999 NBA Draft
8
Match the Book to the Film X
More Just For Fun Quizzes
Word Ladder: Happy Tax Day!
Published
Trending Quizzes
Pick 6: Harry Potter
Pick 6: Mountains
Pick 6: NFL Teams
Pick 6: Movie Franchises
Pick 6: Golfers
Recently Updated
Women's Final Four Teams by Year
bhenderson79
Presidents Quartet II
eogle
Anything But Clue(do)
eogle
Anything But Oceanian Capitals
eogle
Anything But 7
eogle
Anything But Thing
eogle
Word Ladder: February 29
pecheneg
Song Title Questions
pecheneg
Women's NCAA Tournament #1 Seeds
pecheneg
Celebrity Mug Shots
pecheneg
Trending Topics
Disney
Crossword
Kpop
Marvel
Harry Potter
NBA
Anime
NFL
Soccer
Puzzle
Pokémon
Song
WWE
Country
The Office
Your Account Isn't Verified!
In order to create a playlist on Sporcle, you need to verify the email address you used during registration. Go to your
Sporcle Settings
to finish the process.
Report this User
Report this user for behavior that violates our
Community Guidelines
.
Details:
Send Report
Go to the Sporcle.com Mobile Site →
Comments